[Event "26.Schlosspark-Open"]
[Site "Wiesbaden-Biebrich"]
[Date "2014.08.29"]
[Round "3.83"]
[White "Kunisch, Nina"]
[Black "Stallknecht, Britta"]
[Result "0-1"]
[WhiteElo "1249"]
[BlackElo "1618"]
[PlyCount "102"]
[EventDate "2014.??.??"]
[WhiteTeam "TV-Großostheim 1900 e.V."]
[BlackTeam "SK Großsachsen"]

1. e4 c5 2. Nf3 d6 3. d4 cxd4 4. Nxd4 Nf6 5. Nc3 g6 6. Be3 Bg7 7. Qd2 Nc6 8.
Bb5 Bd7 9. Bxc6 bxc6 10. Bh6 O-O 11. Bxg7 Kxg7 12. O-O Rb8 13. Rab1 c5 14. Nf3
Be6 15. e5 dxe5 16. Qxd8 Rfxd8 17. Nxe5 Rd2 18. Rfc1 Bf5 19. Nc6 Rb6 20. Nxe7
Bxc2 21. Ned5 Nxd5 22. Nxd5 Rd6 23. Nc3 Bxb1 24. Rxb1 Rb6 25. b3 Rc2 26. Na4
Rb7 27. a3 Rxb3 28. Re1 Rc4 29. Nxc5 Rxc5 30. g3 Rxa3 31. h4 Rac3 32. Re7 Rc7
33. Re2 a5 34. Ra2 R7c5 35. Kg2 R3c4 36. Kf3 a4 37. Kg2 Ra5 38. Kf1 a3 39. Ke1
Rb4 40. Kd1 Rb2 41. Ra1 Rxf2 42. Ke1 Rh2 43. Rc1 Rh1+ 44. Kd2 Rd5+ 45. Kc2 Rc5+
46. Kb3 Rhxc1 47. Ka2 R5c2+ 48. Kxa3 Rb1 49. g4 Rc8 50. Ka2 Rb7 51. h5 Ra8# 0-1

[Event "26.Schlosspark-Open"]
[Site "Wiesbaden-Biebrich"]
[Date "2014.08.29"]
[Round "3.84"]
[White "Roth, Michael"]
[Black "Jakesevic, Ivan"]
[Result "0-1"]
[WhiteElo "1600"]
[BlackElo "1107"]
[PlyCount "102"]
[EventDate "2014.??.??"]
[WhiteTeam "SC Lerchenberg/ZMO"]
[BlackTeam "FC 1934 Wiesbaden-Bierstadt"]

1. e4 g6 2. Bc4 Bg7 3. Nf3 Nc6 4. c3 e6 5. d4 b6 6. d5 exd5 7. exd5 Ne5 8. Bb3
Nxf3+ 9. Qxf3 Bb7 10. Be3 Nf6 11. Nd2 O-O 12. O-O-O a5 13. Bg5 a4 14. Bxf6 Bxf6
15. Bc2 Bg7 16. h4 Qf6 17. Qd3 Qxf2 18. Nf3 Qxg2 19. Rdg1 Qf2 20. h5 Ba6 21. c4
c6 22. Ng5 Qf4+ 23. Kb1 Bxc4 24. Qh3 Qf6 25. Qa3 Bxd5 26. Rh2 h6 27. Ne4 Bxe4
28. Bxe4 gxh5 29. Rhg2 Rae8 30. Rxg7+ Qxg7 31. Rxg7+ Kxg7 32. Qxa4 f5 33. Qd4+
Kg6 34. Bf3 Re1+ 35. Kc2 Rfe8 36. Qh4 R8e3 37. Qxh5+ Kf6 38. Qxh6+ Ke5 39. Qh2+
f4 40. Qh5+ Kd4 41. Qg4 Kc5 42. Qxf4 d5 43. a3 d4 44. Qf8+ Re7 45. Qc8 R1e6 46.
b4+ Kc4 47. Qa6+ b5 48. Bg4 Rg6 49. Bf3 Re3 50. Bxc6 d3+ 51. Kd2 Re2+ 0-1

[Event "26.Schlosspark-Open"]
[Site "Wiesbaden-Biebrich"]
[Date "2014.08.29"]
[Round "3.85"]
[White "Jahraus, Marlis"]
[Black "Rosmanitz, Anna"]
[Result "0-1"]
[WhiteElo "1124"]
[BlackElo "1599"]
[PlyCount "72"]
[EventDate "2014.??.??"]
[WhiteTeam "SC Untergrombach 46"]
[BlackTeam "SC 1979 Hattersheim"]

1. e4 e5 2. Nf3 Nc6 3. Bb5 f5 4. d3 Bc5 5. O-O d6 6. Bg5 Nf6 7. Nbd2 O-O 8. Re1
Qe8 9. h3 Qg6 10. Bxc6 bxc6 11. Be3 Bxe3 12. Rxe3 f4 13. Re1 Qh6 14. Kf1 g5 15.
Ke2 g4 16. hxg4 Bxg4 17. Rh1 Qg6 18. Qg1 d5 19. Ke1 Rae8 20. b3 Kf7 21. Nh4 Qg5
22. f3 Bd7 23. Ke2 Rg8 24. Nf1 Bc8 25. Qf2 d4 26. Rg1 Nh5 27. g3 fxg3 28. Rxg3
Nxg3+ 29. Nxg3 Qxh4 30. Rg1 Rg7 31. Nf5 Qxf2+ 32. Kxf2 Bxf5 33. Rxg7+ Kxg7 34.
exf5 Rf8 35. Kg3 Rxf5 36. Kg4 Kg6 0-1

[Event "26.Schlosspark-Open"]
[Site "Wiesbaden-Biebrich"]
[Date "2014.08.29"]
[Round "3.86"]
[White "Wilk, David"]
[Black "Börkey, Pierre"]
[Result "0-1"]
[WhiteElo "1580"]
[BlackElo "987"]
[PlyCount "62"]
[EventDate "2014.??.??"]
[WhiteTeam "Sfr.Mainz 1928"]
[BlackTeam "Wiesbadener SV 1885"]

1. e4 e6 2. d3 Nc6 3. g3 d5 4. Bg2 Nf6 5. exd5 exd5 6. Ne2 Bd6 7. O-O O-O 8. c3
Bg4 9. h3 Bxe2 10. Qxe2 Re8 11. Qc2 Re7 12. Bg5 Bc5 13. d4 Bb6 14. Nd2 Qd6 15.
Bf4 Qd7 16. Rfe1 Rae8 17. Kf1 Rxe1+ 18. Rxe1 Rxe1+ 19. Kxe1 Qe6+ 20. Kf1 Ne7
21. Nf3 h6 22. Be5 Ne4 23. Bf4 c5 24. Be3 Nf5 25. Qe2 Nfxg3+ 26. fxg3 Nxg3+ 27.
Kf2 Nxe2 28. Kxe2 cxd4 29. cxd4 f5 30. Ne5 Bc7 31. Bf4 g5 0-1

[Event "26.Schlosspark-Open"]
[Site "Wiesbaden-Biebrich"]
[Date "2014.08.29"]
[Round "3.87"]
[White "Lehmann, Falko"]
[Black "Gläßer, Leonhard"]
[Result "0-1"]
[WhiteElo "1578"]
[BlackElo "938"]
[PlyCount "65"]
[EventDate "2014.??.??"]
[WhiteTeam "SC Taunusstein 1966"]
[BlackTeam "FC 1934 Wiesbaden-Bierstadt"]

1. d4 b5 2. e4 a6 3. Nf3 Bb7 4. Bd3 e6 5. O-O Nf6 6. e5 Bxf3 7. Qxf3 Nc6 8.
exf6 Nxd4 9. Qe4 Qxf6 10. Qxa8+ Ke7 11. c3 Nf5 12. Nd2 g6 13. Qxa6 c6 14. Nf3
Bh6 15. Qa3+ Ke8 16. Bxh6 Nxh6 17. Rfe1 Ng8 18. Ne5 Ne7 19. Qa7 Kf8 20. Nxd7+
Kg7 21. Nxf6 Kxf6 22. Qd4+ Kg5 23. Qxh8 Kh5 24. Qxh7+ Kg5 25. Qxf7 Nf5 26. Rxe6
Kf4 27. Bxf5 gxf5 28. g3+ Kg4 29. Rg6+ Kf3 30. Qxf5+ Ke2 31. Re6+ Kd2 32. Rd6+
Ke2 33. Qd3# 0-1

[Event "26.Schlosspark-Open"]
[Site "Wiesbaden-Biebrich"]
[Date "2014.08.29"]
[Round "3.88"]
[White "Schneider, Luca"]
[Black "Happel, Jürgen"]
[Result "0-1"]
[WhiteElo "1107"]
[BlackElo "1574"]
[PlyCount "74"]
[EventDate "2014.??.??"]
[WhiteTeam "FC 1934 Wiesbaden-Bierstadt"]
[BlackTeam "SV 1920 Hofheim"]

1. Nf3 d5 2. c4 e6 3. d4 Nf6 4. c5 c6 5. Nc3 Be7 6. b4 a6 7. a4 O-O 8. Qc2 h6
9. g3 Nbd7 10. Bg2 b6 11. e4 dxe4 12. Nxe4 Nxe4 13. Qxe4 Bb7 14. Ba3 Nf6 15.
Qc2 bxc5 16. bxc5 Qa5+ 17. Nd2 Nd5 18. O-O Bf6 19. Nc4 Qc7 20. Qd2 a5 21. Rfc1
Bg5 22. f4 Bf6 23. Bb2 Rfd8 24. Rab1 Nb4 25. Bc3 Qe7 26. Bxb4 Bxd4+ 27. Ne3
axb4 28. Kf2 Bxc5 29. Qc2 Bxe3+ 30. Kxe3 Rac8 31. a5 c5 32. Bxb7 Qxb7 33. Qc4
Rd4 34. a6 Qe4+ 35. Kf2 Rd2+ 36. Qe2 Qxe2+ 37. Kg1 Qg2# 0-1

[Event "26.Schlosspark-Open"]
[Site "Wiesbaden-Biebrich"]
[Date "2014.08.29"]
[Round "3.89"]
[White "Wachsmann, Elmar"]
[Black "Reinisch, Markus"]
[Result "0-1"]
[WhiteElo "1029"]
[BlackElo "1563"]
[PlyCount "40"]
[EventDate "2014.??.??"]
[WhiteTeam "SC Groß-Umstadt"]
[BlackTeam "Wiesbadener SV 1885"]

1. d4 d5 2. Nf3 Nf6 3. Bf4 e6 4. c4 c5 5. e3 Nc6 6. Nc3 Be7 7. Be2 O-O 8. Ne5
cxd4 9. exd4 Qb6 10. Nxc6 bxc6 11. Qb3 Qxd4 12. Be3 Qe5 13. cxd5 cxd5 14. O-O-O
Bd7 15. g3 Rfc8 16. Bf4 Qxe2 17. Kb1 Qxf2 18. Ka1 Qb6 19. Qc2 d4 20. Bg5 Be8
0-1

[Event "26.Schlosspark-Open"]
[Site "Wiesbaden-Biebrich"]
[Date "2014.08.29"]
[Round "3.90"]
[White "Künne, Lutz Dieter"]
[Black "Schreer, Maxima"]
[Result "1-0"]
[WhiteElo "1542"]
[BlackElo "880"]
[PlyCount "117"]
[EventDate "2014.??.??"]
[WhiteTeam "Kings Club 98 Jena"]
[BlackTeam "SF 1891 Friedberg"]

1. e4 e5 2. Nf3 Nc6 3. Bb5 Bd6 4. O-O Nf6 5. d3 h6 6. Nbd2 O-O 7. Re1 Re8 8.
Nf1 a6 9. Ba4 Bc5 10. c3 Bb6 11. Ng3 d6 12. h3 Re7 13. Nh4 d5 14. exd5 Qxd5 15.
Bb3 Qd6 16. Nhf5 Bxf5 17. Nxf5 Qd7 18. Nxe7+ Qxe7 19. Qf3 Nd7 20. Qg4 Qf6 21.
Be3 Rd8 22. Bc2 e4 23. d4 Qg6 24. Qxg6 fxg6 25. Bxe4 g5 26. Rad1 Nf6 27. Bf3
Re8 28. d5 Ne5 29. Bxb6 cxb6 30. d6 Nxf3+ 31. gxf3 Rd8 32. Re7 Kf8 33. Rxb7 b5
34. d7 Ke7 35. Re1+ Kd6 36. Rb6+ Kc7 37. Rxa6 Nxd7 38. Rg6 Ra8 39. a3 Rg8 40.
Re7 Rf8 41. Rgxg7 Rd8 42. Kg2 Kd6 43. Rxd7+ Rxd7 44. Rxd7+ Kxd7 45. f4 gxf4 46.
Kf3 Ke6 47. Kxf4 Kf6 48. b3 Kg6 49. c4 bxc4 50. bxc4 h5 51. c5 Kf7 52. Ke5 Ke7
53. f4 Kd7 54. f5 Ke7 55. c6 Kd8 56. Kd6 Kc8 57. f6 Kd8 58. f7 Kc8 59. f8=Q#
1-0

[Event "26.Schlosspark-Open"]
[Site "Wiesbaden-Biebrich"]
[Date "2014.08.29"]
[Round "3.91"]
[White "Börkey, Joel"]
[Black "Troeger, Beate"]
[Result "0-1"]
[WhiteElo "968"]
[BlackElo "1540"]
[PlyCount "136"]
[EventDate "2014.??.??"]
[WhiteTeam "Wiesbadener SV 1885"]
[BlackTeam "Vorw.Orient Mainz"]

1. e4 c5 2. Nf3 d6 3. Nc3 a6 4. Bc4 Nc6 5. Ng5 e6 6. Nf3 b5 7. Be2 Be7 8. O-O
Bb7 9. b3 Nf6 10. Bd3 O-O 11. Re1 Nb4 12. e5 Bxf3 13. Qxf3 dxe5 14. Rxe5 Bd6
15. Re1 Qc7 16. g3 c4 17. Be4 Nxe4 18. Qxe4 cxb3 19. cxb3 Rfe8 20. Ba3 Qe7 21.
Re2 Rac8 22. Rae1 Nd3 23. Qxd3 Bxa3 24. Re4 Red8 25. Rd4 Rxd4 26. Qxd4 Rd8 27.
Qe3 Bc5 28. Qe2 Bb4 29. Qe3 Qc5 30. Qxc5 Bxc5 31. Rc1 f6 32. Nb1 Bb4 33. Rc2
Kf7 34. a3 Be7 35. Kg2 Rd3 36. b4 Rb3 37. Rc1 Bd6 38. f4 e5 39. fxe5 Bxe5 40.
Kf2 Bb2 41. Rc7+ Kg6 42. Rc6 Bd4+ 43. Ke2 Rxb1 44. Rxa6 Bg1 45. h4 Rb3 46. Kf1
Rxg3 47. Ra5 Bd4 48. Rxb5 Rxa3 49. Ke2 Rh3 50. h5+ Rxh5 51. Rxh5 Kxh5 52. Kd3
Bb6 53. Kc4 g5 54. d4 g4 55. Kd3 Kg5 56. d5 Kf4 57. Ke2 Ke5 58. Kf1 Kxd5 59.
Kg2 Bc7 60. Kf2 Ke4 61. b5 h5 62. b6 Bxb6+ 63. Kg2 Bc7 64. Kg1 h4 65. Kg2 h3+
66. Kh1 Kf3 67. Kg1 g3 68. Kh1 g2+ 0-1

[Event "26.Schlosspark-Open"]
[Site "Wiesbaden-Biebrich"]
[Date "2014.08.29"]
[Round "3.92"]
[White "Fey, Karl-Heinz"]
[Black "Kirchner, Markus"]
[Result "0-1"]
[WhiteElo "889"]
[BlackElo "1519"]
[PlyCount "44"]
[EventDate "2014.??.??"]
[WhiteTeam "SC 1926 Haßloch"]
[BlackTeam "SF Schöneck"]

1. Nf3 e6 2. c4 d5 3. cxd5 exd5 4. d4 Nf6 5. Bg5 Be7 6. Nc3 O-O 7. e3 Bg4 8.
Be2 Nbd7 9. O-O c6 10. Ne1 Bxe2 11. Nxe2 Qc7 12. f4 Bd6 13. Nc2 Ne4 14. Nc3
Nxg5 15. fxg5 Bxh2+ 16. Kh1 Bd6 17. a3 Nb6 18. Rf3 Qe7 19. Qe2 Qxg5 20. Raf1
Bg3 21. Qd3 Qh4+ 22. Kg1 Qh2# 0-1